Ochrana autorských práv
Smernica Európskeho parlamentu a Rady 2006/115/ES z decembra 2006 o nájomnom a výpožičnom práve a o určitých právach súvisiacich s autorskými právami v oblasti duševného vlastníctva. Smernica sa dotýka primeranej ochrany autorských diel a predmetov chránených súvisiacimi právami prostredníctvom práv...
Guardado en:
| Autor principal: | |
|---|---|
| Formato: | Capítulo de libro |
| Lenguaje: | eslovaco |
| Materias: | |
| Etiquetas: |
Sin Etiquetas, Sea el primero en etiquetar este registro!
|
MARC
| LEADER | 00000naa$a2200000$$$4500 | ||
|---|---|---|---|
| 001 | 0056145 | ||
| 005 | 20231013071503.3 | ||
| 041 | 0 | |a slo | |
| 044 | |a SK | ||
| 245 | 1 | 0 | |a Ochrana autorských práv |c Jaroslav Bartl |
| 520 | |a Smernica Európskeho parlamentu a Rady 2006/115/ES z decembra 2006 o nájomnom a výpožičnom práve a o určitých právach súvisiacich s autorskými právami v oblasti duševného vlastníctva. Smernica sa dotýka primeranej ochrany autorských diel a predmetov chránených súvisiacimi právami prostredníctvom práv na nájom a vypožičiavanie, ako aj ochrany predmetov chránených prostredníctvom práva na záznam, práva na rozširovanie rozmnoženín, práva na vysielanie a sprístupňovanie verejnosti (verejné šírenie). Štruktúra a vybrané ustanovenia smernice. | ||
| 610 | 2 | 0 | |a právo autorské |
| 610 | 2 | 0 | |a ochrana právna |
| 610 | 2 | 0 | |a ochrana autorstva |
| 610 | 2 | 0 | |a smernice |
| 610 | 2 | 0 | |a Európsky parlament |
| 610 | 2 | 0 | |a 2006 |
| 100 | 1 | |a Bartl, Jaroslav | |